Normal view
MARC view
- Veterinary - Journals, Agriculture - Journals.
Entry Topical Term
001 - CONTROL NUMBER
- control field: 27962
003 - CONTROL NUMBER IDENTIFIER
- control field: NUST
005 - DATE AND TIME OF LATEST TRANSACTION
- control field: 20200124103005.0
008 - FIXED-LENGTH DATA ELEMENTS
- fixed length control field: 200124|| aca||aabn | a|a d
040 ## - CATALOGING SOURCE
- Original cataloging agency: NUST
- Transcribing agency: NUST
150 ## - HEADING--TOPICAL TERM
- Topical term or geographic name entry element: Veterinary - Journals, Agriculture - Journals.
670 ## - SOURCE DATA FOUND
- Source citation: Work cat.: (NUST): www.pvj.com.pk 27961, Pakistan Veterinary Journal :
